00703cam a22002057a 4500003000500000005001700005008004100022010001000063011001000073035001000083040000900093100003200102245012800134260004100262300002200303502010300325650001900428650003000447650002000477CHAP20220329141909.0980427d1998 mx r 00110 spa d a75429 a76401 a85985 cCHAP00aSantiago Gregorio, Domingo.10aEstudio de algunos factores que afectan el enraizamiento de estacas de Tilia mexicana Schl.c/por Domingo Santiago Gregorio aChapingo, Méx. :bEl autor,c1998. a76 h. :bgráfs. aTesis (Ing. Forestal con Orientación en Silvicultura) -- UACH. División de Ciencias Forestales14aEnraizamiento.14aPropagación de plantas.14aTilia mexicana.